Statistics for Europe's Largest Airlines

Click here to take the quiz!

General Stats

  • This quiz has been taken 128 times
  • The average score is 13 of 20

Answer Stats

PassengersAirline% Correct
104.2Air France-KLM
99%
118.3International Airlines Group
99%
145.2Lufthansa Group
99%
152.4Ryanair
95%
96.1easyJet
85%
21.49Alitalia
82%
29.8SAS Group
75%
10.61LOT Polish Airlines
72%
17.05TAP Air Portugal
72%
56.35Aeroflot Group
69%
14.99Aegean Airlines
55%
14.65Finnair
55%
36.28Norwegian Air Shuttle ASA
54%
39.8Wizz Air
54%
74.28Turkish Airlines
46%
16.65S7 Group
35%
9.03flybe
29%
29.87Pegasus Airlines
26%
12.09Jet2.com
25%
11.84Air Europa
23%

Score Distribution

Percentile by Number Answered

Percent of People with Each Score

Your Score History

You have not taken this quiz